000
00335 a2200157 4500
001
62355
020
_a
040
_c
Anchieta - Pituba
240
1
0
_a
Caderno 03 do professor
_l
por
245
1
0
_a
Caderno 03 do professor
300
_a
49
362
0
_a
2014
440
1
_a
Colégio Anchieta
650
4
_a
Ensino superior
942
_c
BK
999
_c
62355
_d
62355